Design and implementation of a wireless subscriber link / (Record no. 183119)

000 -LEADER
fixed length control field 00767 a2200193 4500
003 - CONTROL NUMBER IDENTIFIER
control field NUST
005 - DATE AND TIME OF LATEST TRANSACTION
control field 20251112181212.0
040 ## - CATALOGING SOURCE
Transcribing agency 0
082 ## - DEWEY DECIMAL CLASSIFICATION NUMBER
Classification number 621.382,MAQ
100 ## - MAIN ENTRY--PERSONAL NAME
Personal name Maqsood , Hania NC (TCC-13)
9 (RLIN) 131864
245 ## - TITLE STATEMENT
Title Design and implementation of a wireless subscriber link /
Statement of responsibility, etc. NC Hania Maqsood , NC Nabeel Jawad , NC Sana Javed and PC Hasan Iftikhar
260 ## - PUBLICATION, DISTRIBUTION, ETC.
Place of publication, distribution, etc. Rawalpindi
Name of publisher, distributor, etc. MCS (NUST)
Date of publication, distribution, etc. 2005
300 ## - PHYSICAL DESCRIPTION
Extent 105 p.;
505 ## - FORMATTED CONTENTS NOTE
Formatted contents note Introduction (Page-1), Speech Coding (Page-9), Serial Communication (Page-47), X Stream OEM RF Module (Page-61), Implementation Methodology (Page-73), Concluding Remarks (Page-82).
650 ## - SUBJECT ADDED ENTRY--TOPICAL TERM
Topical term or geographic name entry element UG Projects
9 (RLIN) 98716
651 ## - SUBJECT ADDED ENTRY--GEOGRAPHIC NAME
Geographic name TCC-13
9 (RLIN) 126050
700 ## - ADDED ENTRY--PERSONAL NAME
Personal name Supervised by Brig Dr. Ashraf Masood
9 (RLIN) 131865
942 ## - ADDED ENTRY ELEMENTS (KOHA)
Koha item type Project Report
Source of classification or shelving scheme
Holdings
Withdrawn status Lost status Source of classification or shelving scheme Damaged status Not for loan Permanent Location Current Location Shelving location Date acquired Full call number Barcode Date last seen Price effective from Koha item type Public note
          Military College of Signals (MCS) Military College of Signals (MCS) Reference 12/12/2016 621.382,MAQ MCSPTC-59 12/08/2016 12/12/2016 Project Report Almirah No. 94, Shelf No. 2
© 2023 Central Library, National University of Sciences and Technology. All Rights Reserved.